[Event "Baden-ch AT1"]
[Site "Oberwinden"]
[Date "2007.04.13"]
[Round "10"]
[White "Reichardt, Bernd"]
[Black "Grampp, Holger"]
[Result "0-1"]
[WhiteElo "1533"]
[BlackElo "1661"]
[PlyCount "86"]
[EventDate "2007.04.06"]
[EventType "swiss"]
[EventRounds "11"]
[EventCountry "GER"]
[SourceTitle "CBM 117 Extra"]
[Source "ChessBase"]
[SourceDate "2007.05.09"]
[SourceVersion "1"]
[SourceVersionDate "2007.05.09"]
[SourceQuality "1"]

1. e4 e5 2. f4 d6 3. Nf3 Nc6 4. Bc4 Be7 5. 0-0 Nf6 6. fxe5 dxe5 7. Kh1 0-0 8. Ng5 a6 9. Bxf7+ Rxf7 10. Nxf7 Kxf7 11. Nc3 Be6 12. d3 Kg8 13. h3 Qd7 14. Bg5 Rf8 15. Qd2 Nd4 16. Ne2 Nxe2 17. Qxe2 Qe8 18. b3 Qg6 19. Bxf6 Rxf6 20. Rxf6 Bxf6 21. Rf1 Qh6 22. Qf2 b6 23. a4 a5 24. d4 exd4 25. e5 Be7 26. Qxd4 Bxh3 27. Qf4 Qxf4 28. Rxf4 Be6 29. Kh2 Bc5 30. Kg3 h6 31. Rf1 Kh7 32. Kf4 Kg6 33. Ke4 Kg5 34. c4 h5 35. Rf3 h4 36. Rf1 Kg4 37. Ra1 Kg3 38. Ra2 Bc8 39. Kd5 Bb7+ 40. Ke6 Bxg2 41. Kf7 h3 42. Kxg7 h2 43. Ra1 Bg1 0-1